Българо-турски военни отношения през Първата световна война (1914 - 1918) (Запис номер 166520)
[ съкратено ]
| 000 -Лидер | |
|---|---|
| Контролно поле с фиксирана дължина | 03389nam a2200529 c 4500 |
| 003 - Код на организацията, давaща контролен номер | |
| Контролно поле | BLK |
| 005 - Дата и час на последна редакция | |
| Контролно поле | 20250220092021.0 |
| 008 - Елементи от данни с фиксирана дължина | |
| fixed length control field | 180411b bul|||||r ||||||| ||bul|| |
| 010 ## - Наследен системен номер | |
| LC control number | KNG00174239000 |
| 020 ## - Международен стандартен номер на книга ISBN | |
| Международен стандартен номер на книга ISBN | 978-619-176-034-3 |
| -- | издат.: Гутенберг |
| 040 ## - Източник на каталожния запис | |
| Идентификатор на билиотеката - собственик на записа | BLK |
| 041 ## - Код за език | |
| Код за езика на текст/звукозапис или на отделно заглавие | Български |
| Код за езика КДБФ | Български |
| Други езици | Френски |
| 072 #7 - Код за тематичната категория | |
| Код организация | bullib |
| Код за тематична категория | Н92 |
| Текст | История Н |
| 080 ## - УДК | |
| Текстов определител УДК | Военна история - Военни походи, битки, героични подвизи. Вж и 93/99 |
| УДК код - определител по УДК | 355.48 |
| УДК определител | (497.2+560)"1914/18"(093.2) |
| УДК - код + определител | 355.48(497.2+560)"1914/18"(093.2) |
| 139 ## - Редно поле | |
| Редна дума | Българо-турски военни отношения през Първата световна война (1914 - 1918) |
| Авторски знак | Бъл - Б 92 |
| 245 10 - Сведения за заглавието | |
| Заглавие | Българо-турски военни отношения през Първата световна война (1914 - 1918) |
| Подзаглавни данни | Сб. от док. |
| Редно поле (дума) | състав. Милен Костадинов Куманов; състав. Кемал Еюп; състав. Иван Коев; уводни думи от Кемал Еюп; уводни думи от Анатолий Кънев; * Кемал Еюп Адил. |
| 246 11 - Различни форми на заглавието | |
| Паралелно заглавие | Birinci dunya savasi sirasinda bulgar-turk askeri isbirligi (1914 - 1918) : Belgeler |
| 250 ## - Област на изданието | |
| Сведения за изданието | 2. изд. |
| 257 ## - Страна на издаване | |
| Страна на създаване/издаване | Сборници - Свят |
| 260 ## - Област на издателските данни | |
| -- | София |
| Име на издателя, разпространителя и проч. | Гутенберг |
| Година на издаване | 2015 |
| Печатница | София : Симолини |
| 300 ## - Физическа характеристика | |
| Страници | 680 с. |
| Илюстрации и др. | с табл., факс. |
| Размери/Мащаб | 24 см |
| 380 ## - Жанр | |
| Жанр | История |
| 500 ## - Общи забележки | |
| Забележка | 1. изд. 2004. - Пълното име на състав. К. Еюп е Кемал Еюп Адил. - Именен показалец, Географски показалец. - Текст и на фр. ез. - Съдържа и Списък на наградените турски военнослужещи с български ордени и медали през Първата световна война ; Списък на наградените български военнослужещи с турски ордени и медали през Първата световна война. - Офс. изд. |
| 650 #4 - Допълнително описание по предмет – тема | |
| Основно описание – тема или топоним | България - военна история - архивни документи |
| 9 (RLIN) | 283221 |
| 650 #4 - Допълнително описание по предмет – тема | |
| Основно описание – тема или топоним | Турция - военна история - документи |
| 9 (RLIN) | 337140 |
| 650 #4 - Допълнително описание по предмет – тема | |
| Основно описание – тема или топоним | Първа световна война - документи |
| 9 (RLIN) | 337141 |
| 650 #4 - Допълнително описание по предмет – тема | |
| Основно описание – тема или топоним | България и Турция |
| 9 (RLIN) | 283222 |
| 650 #0 - Допълнително описание по предмет – тема | |
| Основно описание – тема или топоним | България - военно дело |
| 9 (RLIN) | 282365 |
| 651 #4 - Допълнително описание по предмет - топоним | |
| Географско понятие | България |
| 9 (RLIN) | 241624 |
| 651 #4 - Допълнително описание по предмет - топоним | |
| Географско понятие | Турция |
| 9 (RLIN) | 179691 |
| 653 ## - Ключова дума – ненормативна | |
| Ключова дума | Първа световна война |
| 653 ## - Ключова дума – ненормативна | |
| Ключова дума | военна история |
| 653 ## - Ключова дума – ненормативна | |
| Ключова дума | документи |
| 659 ## - Тематичен бюлетин | |
| Тематичен бюлетин | Н |
| 700 1# - Други автори (авторска отговорност) | |
| Лично име | Куманов, Милен Костадинов |
| 9 (RLIN) | 364365 |
| 700 1# - Други автори (авторска отговорност) | |
| Лично име | Еюп, Кемал |
| Автороска отговорност (Описва отношението между автора и произведението) | състав. |
| Друга информация | Адил, Кемал Еюп |
| 9 (RLIN) | 368480 |
| 700 ## - Други автори (авторска отговорност) | |
| Лично име | Коев, Иван |
| 9 (RLIN) | 314021 |
| 700 1# - Други автори (авторска отговорност) | |
| Лично име | Еюп, Кемал |
| Автороска отговорност (Описва отношението между автора и произведението) | уводни думи от |
| Друга информация | Адил, Кемал Еюп |
| 9 (RLIN) | 368480 |
| 700 1# - Други автори (авторска отговорност) | |
| Лично име | Кънев, Анатолий |
| Автороска отговорност (Описва отношението между автора и произведението) | уводни думи от |
| 9 (RLIN) | 337138 |
| 700 1# - Други автори (авторска отговорност) | |
| Лично име | Адил, Кемал Еюп |
| Автороска отговорност (Описва отношението между автора и произведението) | * |
| 9 (RLIN) | 337139 |
| 852 ## - Местоположение | |
| Форматна сигнатура | Цб 273809 |
| 856 4# - Електронен адрес и достъп | |
| Електронен формат | pdf - файл |
| Път до файла /url/ | |
| 856 4# - Електронен адрес и достъп | |
| Електронен формат | pdf - файл |
| Път до файла /url/ | |
| 942 ## - АРТИКУЛИ | |
| Вид на библиотечния материал | Книги |
| Скрит в OPAC | Не |
| Koha issues (borrowed), all copies | 1 |
| 944 ## - СЪЗДАВАНЕ И РЕДАКЦИЯ на ЗАПИСА | |
| Създаване/Редакция | Създаване |
| Дата на регистрацията/редакция | 17.04.2015 |
| Статус, дата на статуса | Геновева Генчева |
| Служител, извършил регистрацията/редакцията | 30560 |
| 944 ## - СЪЗДАВАНЕ И РЕДАКЦИЯ на ЗАПИСА | |
| Създаване/Редакция | Редакция |
| Дата на регистрацията/редакция | 08.05.2015 |
| Статус, дата на статуса | ф / |
| Служител, извършил регистрацията/редакцията | Людмила_Стоянова |
| 999 ## - СИСТЕМНИ КОНТРОЛНИ НОМЕРА | |
| Koha biblionumber | 166520 |
| Koha biblioitemnumber | 166520 |
| Код за отписване | Код за изгубен артикул | Код за повреда | Коз за рестрикции | Код за отдаване | Артикулен № | Име на библиотеката - собственик | Име на библиотеката, в която се намира в момента | Статус (Текущо местоположение) | Дата на вписване в системата | Местоположение - отдел | Цена в лева | Инвентарен номер | Систематично азбучна сигнатура | Баркод | Номер на екземпляра | Цена в евро | Служебна бележка | Служебен тип на артикула | Източник на класификационната схема |
|---|---|---|---|---|---|---|---|---|---|---|---|---|---|---|---|---|---|---|---|
| Не е изгубен | Не е повреден | без рестрикции | ползва се в читалня | 280635 | Регионална библиотека "Любен Каравелов" Русе | Регионална библиотека "Любен Каравелов" Русе | Хранилище | 2015-04-17 | Хранилище | 23.00 | 120000787219 | Цб 273809 | 120000787219 | 1 | 11.76 | Дост: Dp Вид: Д N: 40 Дата: 11.09.2014 | Книги | ||
| Не е изгубен | Не е повреден | без рестрикции | заемане за дома | 280636 | Регионална библиотека "Любен Каравелов" Русе | Регионална библиотека "Любен Каравелов" Русе | Заемна - подръчен фонд | 2015-04-27 | Заемна - подръчен фонд | 23.00 | 120000787535 | П 355.48/Б 92 | 120000787535 | 2 | 11.76 | Дост: DA Вид: А N: 7 Дата: 27.04.2015 Дата инв: 07.02.2018 Бележки инв: П2018 | Книги | ||
| Не е изгубен | Не е повреден | само за читалня | ползва се в читалня | 678598 | Регионална библиотека "Любен Каравелов" Русе | Регионална библиотека "Любен Каравелов" Русе | Хранилище | 2018-07-25 | Хранилище | 15.00 | 120000821024 | Цб 289571 | 120000821024 | 7.67 | Книги | Universal Decimal Classification |